000 00579nam a2200217 a 4500
005 20210223124048.0
008 991125n 000 0 u
035 _aUPN01000105708
100 1 _aCorbalán Yuste, Fernando,
_d1948-
_936229
222 _aCUADERNOS DE PEDAGOGIA
245 _a! Que divertido es pensar!
260 _aBarcelona, España
300 _a10-12
362 0 _a1992 No. 202, abr.
653 0 _aAULA
653 0 _aINVESTIGACION
653 0 _aMATEMATICA RECREATIVA
653 0 _aTECNICAS DE MOTIVACION
904 _aAC
_b043519
905 _aArticulo
999 _c79624
_d79624